| 000 | 00580cam a2200193 4500 | ||
|---|---|---|---|
| 001 | J106853 | ||
| 008 | 000000n1999 000 0 eng u | ||
| 035 | _a(Sirsi) u106853 | ||
| 050 | _a711.552 | ||
| 110 |
_aDTZ Debenham Thorpe _92895 |
||
| 245 | _aRetail landscape 2000 bulletin. | ||
| 260 |
_aLondon _bDTZ Debenham Thorpe _c1999 |
||
| 300 | _a(4)p. ; 30cm. | ||
| 650 | _aRETAIL PROPERTY | ||
| 650 | _aRETAIL SPACE | ||
| 650 | _aPROPERTY-COMMERCIAL PROPERTY-RETAIL PROPERTY-RETAIL PROPERTY MARKET | ||
| 690 | _aPROPERTY-COMMERCIAL PROPERTY-RETAIL PROPERTY | ||
| 942 | _n0 | ||
| 999 |
_c100634 _d100634 |
||